000 00728nam a2200229Ia 4500
003 OSt
005 20220918105517.0
006 a|||||r|||| 00| 0
007 ta
008 220915b |||||||| |||| 00| 0 hin d
024 _a210361
037 _cReference Collections
040 _aARTS
_cARTS
_bhin
041 _2hin
_ahin
082 _aQ8441:2, 152K1;M8(RR)
100 _aमिश्र, जयराम
_91833
245 0 _aनानक वाणी
246 _aNānak vāṇī
490 _aमित्र प्रकाशन गौरव ग्रंथ माला 2
942 _hQ8441:2, 152K1;M8(RR)
_cREF
999 _c107710
_d107710